|
|
|
|
| LEADER |
01381nam a22003852a 4500 |
| 001 |
000077241 |
| 003 |
CZ BrMZK |
| 005 |
20230731102837.0 |
| 007 |
ta |
| 008 |
950101s1960 xr f cze d |
| 015 |
|
|
|a cnb001518133
|
| 040 |
|
|
|a BOA001
|b cze
|
| 072 |
|
7 |
|a 78.01
|x Muzikologie. Dějiny hudby
|2 Konspekt
|9 9
|
| 080 |
|
|
|a 78
|2 MRF
|
| 080 |
|
|
|a 78.01
|2 MRF
|
| 080 |
|
|
|a 82-96
|2 MRF
|
| 080 |
|
|
|a 027.2
|2 MRF
|
| 080 |
|
|
|a 025
|2 MRF
|
| 080 |
|
|
|a (437.323)
|2 MRF
|
| 080 |
|
|
|a (083.8)
|2 MRF
|
| 100 |
1 |
|
|a Sehnal, Jiří,
|d 1931-
|7 jk01110611
|
| 245 |
1 |
0 |
|a Hudební literatura zámecké knihovny v Kroměříži
|
| 260 |
|
|
|a Gottwaldov,
|c 1960
|
| 650 |
0 |
7 |
|a hudba
|7 ph114719
|2 czenas
|
| 650 |
0 |
7 |
|a muzikologie
|7 ph115381
|2 czenas
|
| 650 |
0 |
7 |
|a odborná literatura
|7 ph115554
|2 czenas
|
| 650 |
0 |
7 |
|a zámecké knihovny
|7 ph127732
|z Česko
|2 czenas
|
| 650 |
0 |
7 |
|a knihovní fondy
|7 ph121668
|z Česko
|2 czenas
|
| 651 |
|
7 |
|a Kroměříž (Česko)
|7 ge129682
|2 czenas
|
| 655 |
|
7 |
|a soupisy
|7 fd133560
|2 czenas
|
| 910 |
|
|
|a BOA001
|b 4-0446.191
|
| 990 |
|
|
|a BK
|
| 996 |
6 |
|
|b 2619963008
|c 4-0446.191
|l Stud. starých tisků/4.patro
|r PST
|n 0
|h SI5
|w 000077241
|u 000010
|a 1
|e BOA001
|j MZK50
|s P
|
| 996 |
6 |
|
|b 2619976803
|c 4-0446.191
|l MZK
|r HSS 4p
|n 0
|h 78.01 SEH
|w 000077241
|u 000020
|a 0
|e BOA001
|j MZK50
|s P
|
| 996 |
7 |
|
|b 2619997983
|c 4-0446.191
|l MZK
|r Sklad / do 24 hodin
|n 24
|w 000077241
|u 000030
|a 1
|e BOA001
|j MZK50
|s A
|